| 000 | 00774nam a22002177a 4500 | ||
|---|---|---|---|
| 003 | OSt | ||
| 005 | 20150408114132.0 | ||
| 008 | 130425s 1990xxu||||g |||| 00| 0 eng d | ||
| 040 | _aMa-ua | ||
| 082 |
_220 _a428 _bSJG |
||
| 100 |
_aSwales, John M., |d 1938- _935633 |
||
| 245 |
_aGenre analysis _bEnglish in academic and research settings / _cJohn M. Swales. |
||
| 260 |
_aCambridge : . _bCambridge University Press _c1990 |
||
| 300 |
_a1 v. ; _c23cm. |
||
| 490 | _aThe Cambridge applied linguistics series | ||
| 504 | _aIncludes bibliography and index.Includes bibliography and index. | ||
| 650 |
_a English language _xStudy and teaching (Higher) _935634 |
||
| 650 |
_a Interdisciplinary approach in education. _935635 |
||
| 653 | _aEnglish language | ||
| 942 |
_2ddc _cBOOK |
||
| 999 |
_c29865 _d264365 |
||